[Event "4th Prague Challengers"]
[Site "Prague CZE"]
[Date "2022.06.13"]
[Round "5.2"]
[White "Niemann, Hans Moke"]
[Black "Sasikiran, Krishnan"]
[Result "1-0"]
[WhiteTitle "GM"]
[BlackTitle "GM"]
[WhiteElo "2678"]
[BlackElo "2635"]
[WhiteFideId "2093596"]
[BlackFideId "5004985"]
[EventDate "2022.06.08"]

1. c4 e5 2. g3 Nf6 3. Bg2 d5 4. cxd5 Nxd5 5. Nf3 Nc6 6. O-O Nb6 7. b3 Be6 8. Bb2
f6 9. Nc3 Qd7 10. Rc1 O-O-O 11. Qc2 Kb8 12. Rfd1 Bb4 13. d4 Bxc3 14. Bxc3 e4 15.
Qxe4 Bf5 16. Qf4 Nd5 17. Qd2 Rhe8 18. Bb2 g5 19. Ne1 h5 20. Nd3 h4 21. Rc5 Qe6
22. Rxd5 Rxd5 23. Nc5 Rxc5 24. dxc5 Qxe2 25. Qxe2 Rxe2 26. Bxf6 h3 27. Bf1 Rxa2
28. Bxg5 a5 29. Bf4 Bg4 30. f3 Bxf3 31. Rd7 Bg2 32. Bc4 Bf3 33. Bxc7+ Kc8 34.
Be6 Rg2+ 35. Kf1 Re2 36. Rd8+ 1-0

[Event "4th Prague Challengers"]
[Site "Prague CZE"]
[Date "2022.06.13"]
[Round "5.3"]
[White "Abdusattorov, Nodirbek"]
[Black "Stocek, Jiri"]
[Result "1-0"]
[WhiteTitle "GM"]
[BlackTitle "GM"]
[WhiteElo "2661"]
[BlackElo "2541"]
[WhiteFideId "14204118"]
[BlackFideId "304760"]
[EventDate "2022.06.08"]

1. e4 c5 2. Nf3 d6 3. d4 cxd4 4. Nxd4 Nf6 5. Bd3 Nc6 6. Be3 e5 7. Nxc6 bxc6 8.
O-O Ng4 9. Bd2 Rb8 10. b3 d5 11. Nc3 Bc5 12. Qf3 O-O 13. exd5 f5 14. Bc4 Kh8 15.
h3 Nf6 16. Rad1 e4 17. Qg3 f4 18. Bxf4 Nh5 19. dxc6 Qe8 20. c7 Ra8 21. Rd8 Nxg3
22. Rxe8 Rxe8 23. Bxg3 Bb7 24. b4 Bd4 25. Nb5 Ba6 26. Rd1 Bb6 27. Nd6 Bxc4 28.
Nxc4 1-0

[Event "4th Prague Challengers"]
[Site "Prague CZE"]
[Date "2022.06.13"]
[Round "5.4"]
[White "Krzyzanowski, Marcin"]
[Black "Warmerdam, Max"]
[Result "0-1"]
[WhiteTitle "GM"]
[BlackTitle "GM"]
[WhiteElo "2535"]
[BlackElo "2613"]
[WhiteFideId "1132199"]
[BlackFideId "1048104"]
[EventDate "2022.06.08"]

1. Nf3 Nf6 2. g3 g6 3. Bg2 Bg7 4. O-O O-O 5. c4 d6 6. d4 Nbd7 7. Nc3 e5 8. e4
exd4 9. Nxd4 Nc5 10. h3 Re8 11. Re1 h6 12. Rb1 a5 13. b3 a4 14. Ndb5 axb3 15.
axb3 Bd7 16. Bb2 Qc8 17. Kh2 Bxb5 18. cxb5 Qe6 19. b4 Ncd7 20. f4 Qc4 21. Qf3
Nb6 22. e5 dxe5 23. fxe5 Nfd7 24. Ne4 Nxe5 25. Bxe5 Rxe5 26. Rbc1 Qxb4 27. Rxc7
Rf5 28. Qe2 Rb8 29. Rf1 Be5 30. Rxf5 gxf5 31. Rc5 Qd4 32. Qh5 Nd7 33. Rc1 fxe4
34. Rd1 Nf6 35. Qxh6 Qxd1 36. Qg5+ Kf8 37. Qxe5 Nd7 0-1

[Event "4th Prague Challengers"]
[Site "Prague CZE"]
[Date "2022.06.13"]
[Round "5.5"]
[White "Pechac, Jergus"]
[Black "Hracek, Zbynek"]
[Result "1/2-1/2"]
[WhiteTitle "GM"]
[BlackTitle "GM"]
[WhiteElo "2598"]
[BlackElo "2564"]
[WhiteFideId "14926970"]
[BlackFideId "300071"]
[EventDate "2022.06.08"]

1. d4 Nf6 2. Nf3 d5 3. Bf4 c5 4. e3 Nc6 5. Nbd2 cxd4 6. exd4 Bf5 7. Bb5 Rc8 8.
Ne5 Qb6 9. Qe2 Qxd4 10. g3 Qb6 11. O-O e6 12. g4 Bg6 13. h4 a6 14. Bxc6+ bxc6
15. h5 Be4 16. g5 Rg8 17. Kh2 Bf5 18. gxf6 gxf6 19. Nef3 Qb4 20. c4 Bd6 21. Bg3
Bxg3+ 22. fxg3 Qxb2 23. cxd5 cxd5 24. Qxa6 Rc2 25. Qa4+ Kf8 26. Qf4 Rg5 27. Rab1
Qc3 28. Rf2 Rxh5+ 29. Nh4 e5 30. Rb8+ Ke7 31. Rb7+ Kf8 32. Rb8+ Ke7 33. Qa4
Rxh4+ 34. Qxh4 Rxd2 35. Rb7+ Ke8 36. Rb8+ Ke7 37. Rb7+ Ke8 38. Rb8+ Ke7 39. Rb7+ 1/2-1/2

[Event "4th Prague Challengers"]
[Site "Prague CZE"]
[Date "2022.06.14"]
[Round "6.1"]
[White "Keymer, Vincent"]
[Black "Krzyzanowski, Marcin"]
[Result "1/2-1/2"]
[WhiteTitle "GM"]
[BlackTitle "GM"]
[WhiteElo "2675"]
[BlackElo "2535"]
[WhiteFideId "12940690"]
[BlackFideId "1132199"]
[EventDate "2022.06.08"]

1. d4 Nf6 2. c4 g6 3. g3 c6 4. Bg2 d5 5. Qb3 Bg7 6. Nc3 dxc4 7. Qxc4 O-O 8. Nf3
a5 9. O-O a4 10. Qd3 Qa5 11. e4 Rd8 12. e5 Bf5 13. Qe2 Nd5 14. Bg5 f6 15. Bd2
Qa6 16. Rfe1 Qxe2 17. Rxe2 Nb6 18. Ne4 Nc4 19. Bb4 fxe5 20. Bxe7 Re8 21. Nf6+
Bxf6 22. Bxf6 e4 23. Ne5 Nxe5 24. Bxe5 Nd7 25. Bf4 Re6 26. h3 h5 27. Rd1 Nf6 28.
Rde1 Kf7 29. Be5 Nd7 30. Bxe4 Bxh3 31. Re3 Bf5 32. Bg2 Nb6 33. Rc1 Ra5 34. Bf1
Nd5 35. Ra3 Re8 36. Bc4 Be6 37. Rf3+ Bf5 38. Bd3 Ke6 39. Re1 Raa8 40. Bxf5+ gxf5
41. Bb8+ Kd7 42. Rxe8 Kxe8 43. Be5 a3 44. bxa3 b5 45. Rxf5 Rxa3 46. Rxh5 Rxa2
47. Rh8+ Kf7 48. Rh7+ Kg6 49. Rg7+ Kf5 50. f3 b4 51. g4+ Ke6 52. Rb7 c5 53. f4
cxd4 54. Bxd4 Nxf4 55. Rxb4 Rg2+ 56. Kf1 Rxg4 57. Be3 1/2-1/2

[Event "4th Prague Challengers"]
[Site "Prague CZE"]
[Date "2022.06.14"]
[Round "6.2"]
[White "Pechac, Jergus"]
[Black "Niemann, Hans Moke"]
[Result "1/2-1/2"]
[WhiteTitle "GM"]
[BlackTitle "GM"]
[WhiteElo "2598"]
[BlackElo "2678"]
[WhiteFideId "14926970"]
[BlackFideId "2093596"]
[EventDate "2022.06.08"]

1. d4 Nf6 2. c4 e6 3. Nc3 Bb4 4. e3 O-O 5. Bd3 d5 6. Nf3 c5 7. O-O Nc6 8. cxd5
exd5 9. dxc5 Bxc5 10. b3 Bg4 11. Bb2 a6 12. h3 Bh5 13. Be2 Rc8 14. Rc1 Ba7 15.
Nh4 Bg6 16. Nxg6 hxg6 17. Bf3 d4 18. exd4 Bxd4 19. Rc2 Be5 20. Nd5 Bxb2 21. Rxb2
Ne5 22. Rd2 Nxf3+ 23. Qxf3 Nxd5 24. Rxd5 Qe7 25. Rfd1 Rc7 26. Qd3 Rfc8 27. Rd7
Rxd7 28. Qxd7 Qxd7 29. Rxd7 Rc1+ 30. Kh2 Rc2 1/2-1/2

[Event "4th Prague Challengers"]
[Site "Prague CZE"]
[Date "2022.06.14"]
[Round "6.3"]
[White "Warmerdam, Max"]
[Black "Abdusattorov, Nodirbek"]
[Result "0-1"]
[WhiteTitle "GM"]
[BlackTitle "GM"]
[WhiteElo "2613"]
[BlackElo "2661"]
[WhiteFideId "1048104"]
[BlackFideId "14204118"]
[EventDate "2022.06.08"]

1. d4 Nf6 2. c4 e6 3. g3 d5 4. Bg2 dxc4 5. Nf3 Nc6 6. O-O Rb8 7. b3 cxb3 8. axb3
Be7 9. Bb2 O-O 10. Qc1 a6 11. Rd1 Bd7 12. Nc3 Nb4 13. e4 Rc8 14. Qf4 Be8 15. Bh3
c6 16. Rac1 b5 17. d5 cxd5 18. exd5 Nbxd5 19. Nxd5 Nxd5 20. Rxc8 Nxf4 21. Rcxd8
Nxh3+ 22. Kg2 Bxd8 23. Rxd8 Bc6 24. Rd6 Rc8 25. Kxh3 Bxf3 26. Rxa6 h5 27. Bd4 f6
28. b4 Rc4 29. Bc5 g5 30. Ra3 Kf7 31. Ra1 Kg6 32. Re1 Rc3 33. Ra1 f5 34. Re1 Bd5
35. Ra1 h4 36. Ra7 e5 37. Rd7 Bf3 38. Be3 f4 39. Bd2 Rc8 40. g4 Rc2 0-1

[Event "4th Prague Challengers"]
[Site "Prague CZE"]
[Date "2022.06.14"]
[Round "6.5"]
[White "Hracek, Zbynek"]
[Black "Stocek, Jiri"]
[Result "1/2-1/2"]
[WhiteTitle "GM"]
[BlackTitle "GM"]
[WhiteElo "2564"]
[BlackElo "2541"]
[WhiteFideId "300071"]
[BlackFideId "304760"]
[EventDate "2022.06.08"]

1. e4 c5 2. Nf3 d6 3. d4 cxd4 4. Nxd4 Nf6 5. Nc3 Nc6 6. Bg5 e6 7. Qd2 Be7 8.
O-O-O a6 9. Bxf6 gxf6 10. f4 Nxd4 11. Qxd4 b5 12. e5 d5 13. Kb1 Bd7 14. f5 fxe5
15. Qxe5 Bf6 16. Qf4 Rc8 17. Bd3 Qc7 18. Qh6 Bxc3 19. bxc3 Qxc3 20. fxe6 Qb4+
21. Ka1 Qc3+ 22. Kb1 Qb4+ 23. Ka1 Bxe6 24. Rhe1 Kd7 25. Be4 Qc3+ 26. Kb1 Rc4 27.
Qe3 Rb4+ 28. Kc1 Qb2+ 29. Kd2 Qd4+ 30. Qxd4 Rxd4+ 31. Kc3 Rc4+ 32. Kb2 Kd6 33.
Re3 h5 34. Bf3 Rhc8 35. Rd2 h4 36. Red3 R8c5 37. Ra3 Rc6 38. Rad3 R6c5 39. Ra3
Rb4+ 40. Kc1 Rc6 41. Rad3 Rc5 42. Ra3 Ra4 43. Rxa4 bxa4 44. Kb2 Rc4 45. Be2 Rb4+
46. Ka3 a5 47. c3 Rf4 48. Bb5 Kc5 49. Bxa4 Rc4 50. Rd3 Rg4 51. Rd2 Rc4 52. Rd3
Re4 53. Rd2 Re3 54. Kb2 Bf5 55. Rf2 Be4 56. Rf6 d4 57. cxd4+ Kb4 58. Bd1 Re1 59.
Rb6+ Kc4 60. Bb3+ Kxd4 61. Rh6 Re2+ 62. Ka3 Rxg2 63. Bxf7 Rxh2 64. Ka4 h3 65.
Be6 Re2 66. Rxh3 Bc6+ 67. Kxa5 Rxe6 68. Kb4 Be4 69. Rh4 Rb6+ 70. Ka5 Rb8 71. Ka4
Kd3 72. Ka5 Ra8+ 73. Kb4 Rxa2 74. Kc5 Rc2+ 75. Kd6 Kd4 76. Rf4 Rc6+ 77. Kd7 Rh6
78. Rf1 Ke5 79. Re1 Rh7+ 80. Ke8 Kd5 81. Kf8 Bf5 82. Re7 Rh6 83. Kg7 Rg6+ 84.
Kf7 Ra6 85. Re1 Be4 86. Rd1+ Ke5 87. Re1 Ra7+ 88. Ke8 Rb7 89. Re2 Kd5 90. Kf8
Bf5 91. Re7 Rb6 92. Kg7 Be4 93. Kf7 Ra6 94. Kg7 Kd4 95. Kf7 Ke3 96. Rd7 Kf4 97.
Rd1 Ra7+ 98. Kf6 Ra6+ 99. Ke7 Ke5 100. Re1 Rh6 101. Re2 Rh1 102. Re3 Rh7+ 103.
Ke8 Kf5 104. Kd8 Ra7 105. Re1 Bc6 106. Re7 Ra6 107. Re1 Kf6 108. Kc7 Bd5 109.
Rd1 Ke5 110. Re1+ Kd4 111. Rc1 Bc4 112. Kd7 Kc5 113. Ke7 Re6+ 114. Kd7 Re2 115.
Kd8 Kd5 116. Kd7 Bb5+ 117. Kc7 Ba4 118. Rg1 Re7+ 119. Kb6 Re6+ 120. Ka5 Bc2 1/2-1/2

[Event "4th Prague Challengers"]
[Site "Prague CZE"]
[Date "2022.06.15"]
[Round "7.1"]
[White "Abdusattorov, Nodirbek"]
[Black "Keymer, Vincent"]
[Result "1/2-1/2"]
[WhiteTitle "GM"]
[BlackTitle "GM"]
[WhiteElo "2661"]
[BlackElo "2675"]
[WhiteFideId "14204118"]
[BlackFideId "12940690"]
[EventDate "2022.06.08"]

1. e4 e5 2. Nf3 Nc6 3. Bc4 Nf6 4. d3 Bc5 5. O-O d6 6. Bg5 h6 7. Bh4 a6 8. c3 Ba7
9. a4 g5 10. Bg3 O-O 11. Na3 Bg4 12. Nc2 Kh8 13. Ne3 Bxe3 14. fxe3 Nh5 15. a5
Nxg3 16. hxg3 Qe7 17. Qb3 Rab8 18. Nh2 Be6 19. Qd1 Bxc4 20. dxc4 Qe6 21. Ng4 f5
22. exf5 Rxf5 23. Rxf5 Qxf5 24. Nxh6 Qg6 25. Ng4 Rf8 26. b4 Ne7 27. Qe2 Nf5 28.
Rf1 e4 29. Ne5 Qe8 30. Qf2 Kg7 31. Nd7 Rf7 32. Nf6 Rxf6 33. g4 Qh8 34. gxf5 Rh6
35. Qd2 Rh1+ 36. Kf2 Qh4+ 37. Ke2 Qg4+ 38. Ke1 Rxf1+ 39. Kxf1 Qxf5+ 40. Kg1 Qe5
41. Qd4 Kg6 42. Kf2 g4 43. Qxe5 dxe5 44. c5 c6 1/2-1/2

[Event "4th Prague Challengers"]
[Site "Prague CZE"]
[Date "2022.06.15"]
[Round "7.2"]
[White "Michalik, Peter"]
[Black "Pechac, Jergus"]
[Result "1-0"]
[WhiteTitle "GM"]
[BlackTitle "GM"]
[WhiteElo "2577"]
[BlackElo "2598"]
[WhiteFideId "14907526"]
[BlackFideId "14926970"]
[EventDate "2022.06.08"]

1. e4 e5 2. Nf3 Nc6 3. Bb5 Nf6 4. O-O Nxe4 5. d4 Nd6 6. Bxc6 dxc6 7. dxe5 Nf5 8.
Qxd8+ Kxd8 9. Rd1+ Ke8 10. Nc3 Ne7 11. Nd4 Nf5 12. Nde2 Be7 13. Ne4 h6 14. Nf4
Nh4 15. Re1 Bf5 16. Bd2 Rd8 17. Bc3 h5 18. Ng3 Bxc2 19. Ngxh5 Kf8 20. Rac1 Ba4
21. b3 Bb5 22. a4 Ba6 23. e6 f6 24. Rcd1 Rd6 25. Ng3 g5 26. Nfh5 Rh6 27. f4 g4
28. f5 Rxd1 29. Rxd1 Nxf5 30. Rd7 Nd6 31. Nf4 b6 32. Rxc7 Bb7 33. Bd2 f5 34. Bc3
Rh7 35. Be5 Ne4 36. Nxe4 fxe4 37. Ng6+ Ke8 38. Bd6 1-0

[Event "4th Prague Challengers"]
[Site "Prague CZE"]
[Date "2022.06.15"]
[Round "7.3"]
[White "Niemann, Hans Moke"]
[Black "Hracek, Zbynek"]
[Result "1-0"]
[WhiteTitle "GM"]
[BlackTitle "GM"]
[WhiteElo "2678"]
[BlackElo "2564"]
[WhiteFideId "2093596"]
[BlackFideId "300071"]
[EventDate "2022.06.08"]

1. e4 c5 2. Nf3 d6 3. d4 cxd4 4. Nxd4 Nf6 5. Nc3 a6 6. Bg5 e6 7. f4 Be7 8. Qf3
Nbd7 9. O-O-O h6 10. Bxf6 Bxf6 11. Bc4 O-O 12. g4 b5 13. e5 Bxe5 14. fxe5 d5 15.
Bb3 Nxe5 16. Qg3 Nc4 17. h4 Qd6 18. Qf3 Rb8 19. g5 h5 20. Kb1 g6 21. Rhe1 Bd7
22. Qf6 Rb6 23. Nf3 a5 24. Qd4 Qc7 25. Bxc4 bxc4 26. Ne5 Rfb8 27. Nxf7 Kxf7 28.
Qf6+ Ke8 29. Qh8+ Kf7 30. Qh7+ Kf8 31. Rf1+ Ke8 32. Qxg6+ Ke7 33. Nxd5+ exd5 34.
Rf7+ 1-0

[Event "4th Prague Challengers"]
[Site "Prague CZE"]
[Date "2022.06.15"]
[Round "7.4"]
[White "Stocek, Jiri"]
[Black "Warmerdam, Max"]
[Result "1-0"]
[WhiteTitle "GM"]
[BlackTitle "GM"]
[WhiteElo "2541"]
[BlackElo "2613"]
[WhiteFideId "304760"]
[BlackFideId "1048104"]
[EventDate "2022.06.08"]

1. d4 Nf6 2. Nf3 g6 3. c4 Bg7 4. Nc3 O-O 5. e4 d6 6. Be2 e5 7. d5 a5 8. Bg5 h6
9. Be3 Ng4 10. Bd2 f5 11. h3 Nf6 12. exf5 gxf5 13. g4 Ne4 14. g5 Nxc3 15. Bxc3
hxg5 16. Qd2 g4 17. hxg4 fxg4 18. Ng5 Rf4 19. Ne6 Bxe6 20. dxe6 Nc6 21. O-O-O
Qe7 22. Rdg1 Raf8 23. Bxg4 Rxc4 24. Qd3 Rxc3+ 25. bxc3 Rxf2 26. Qh7+ Kf8 27. Bf5
Qf6 28. Rg6 Rxf5 29. Rxf6+ Rxf6 30. Rg1 1-0

[Event "4th Prague Challengers"]
[Site "Prague CZE"]
[Date "2022.06.15"]
[Round "7.5"]
[White "Krzyzanowski, Marcin"]
[Black "Sasikiran, Krishnan"]
[Result "1/2-1/2"]
[WhiteTitle "GM"]
[BlackTitle "GM"]
[WhiteElo "2535"]
[BlackElo "2635"]
[WhiteFideId "1132199"]
[BlackFideId "5004985"]
[EventDate "2022.06.08"]

1. e4 e6 2. d4 d5 3. Nc3 Bb4 4. exd5 exd5 5. Bd3 Nf6 6. Ne2 O-O 7. O-O Re8 8.
Ng3 c6 9. h3 Nbd7 10. Qf3 Nf8 11. Nce2 Ng6 12. c3 Be7 13. Nf5 Bxf5 14. Qxf5 Nh4
15. Qf4 Ng6 16. Qf3 Nh4 17. Qf4 Ng6 18. Qf3 Nh4 19. Qf4 1/2-1/2

[Event "4th Prague Challengers"]
[Site "Prague CZE"]
[Date "2022.06.16"]
[Round "8.1"]
[White "Sasikiran, Krishnan"]
[Black "Abdusattorov, Nodirbek"]
[Result "1/2-1/2"]
[WhiteTitle "GM"]
[BlackTitle "GM"]
[WhiteElo "2635"]
[BlackElo "2661"]
[WhiteFideId "5004985"]
[BlackFideId "14204118"]
[EventDate "2022.06.08"]

1. d4 Nf6 2. c4 e6 3. Nc3 Bb4 4. f3 d5 5. a3 Be7 6. e4 dxe4 7. fxe4 c5 8. d5
exd5 9. exd5 O-O 10. Bd3 Bg4 11. Nge2 Nbd7 12. O-O Bd6 13. Qc2 Re8 14. Ng3 Qb8
15. Bd2 Bxg3 16. hxg3 Qxg3 17. Bf4 Qh4 18. Qf2 Qh5 19. Rfe1 b6 20. Nb5 Ne5 21.
Bf1 Bd7 22. Nd6 Re7 23. b4 Neg4 24. Qf3 Rxe1 25. Rxe1 cxb4 26. axb4 b5 27. Re7
bxc4 28. Bxc4 Rb8 29. b5 Rf8 30. Qh3 Qg6 31. Bd3 Nf2 32. Bxg6 Nxh3+ 33. gxh3
hxg6 34. Be5 Bxh3 35. Bxf6 gxf6 36. Rxa7 Rd8 37. Nxf7 Rxd5 38. b6 Bc8 39. Nh6+
Kf8 40. Ra8 Kg7 41. Rxc8 Rb5 42. Ng4 Rxb6 43. Rc7+ Kf8 44. Kf2 Re6 45. Kf3 Re7
46. Rc6 Kg7 47. Rxf6 Rf7 48. Rxf7+ Kxf7 49. Kf4 g5+ 50. Kxg5 1/2-1/2

[Event "4th Prague Challengers"]
[Site "Prague CZE"]
[Date "2022.06.16"]
[Round "8.2"]
[White "Hracek, Zbynek"]
[Black "Warmerdam, Max"]
[Result "0-1"]
[WhiteTitle "GM"]
[BlackTitle "GM"]
[WhiteElo "2564"]
[BlackElo "2613"]
[WhiteFideId "300071"]
[BlackFideId "1048104"]
[EventDate "2022.06.08"]

1. e4 c5 2. Nf3 d6 3. d4 cxd4 4. Nxd4 Nf6 5. Nc3 a6 6. f3 e5 7. Nb3 Be7 8. Be3
h5 9. Qd2 Nbd7 10. Nd5 Nxd5 11. exd5 Nf6 12. Be2 Bf5 13. a4 O-O 14. O-O h4 15.
c4 a5 16. c5 dxc5 17. Rfd1 Bd6 18. Rac1 b6 19. Bg5 h3 20. Rc4 Re8 21. Bd3 e4 22.
Bxe4 Bxe4 23. fxe4 Qe7 24. gxh3 Nxe4 25. Bxe7 Nxd2 26. Nxd2 Rxe7 27. Re4 Rxe4
28. Nxe4 Be5 29. Kg2 Rd8 30. Rd2 f5 31. Nc3 Kf7 32. Nb5 Kf6 33. b3 Bd4 34. d6
Be5 35. h4 Ke6 36. Nc7+ Kd7 37. Nb5 Rh8 38. Rd5 Bf6 39. Rxf5 Rxh4 40. Rf2 Rb4
41. Rf3 c4 42. bxc4 Rxa4 43. Rf4 Ra2+ 44. Kf3 Rxh2 45. Rf5 Rc2 46. Rf4 a4 47.
Re4 Kc6 48. Rf4 Rd2 49. Re4 Rc2 50. Rf4 Rh2 51. Ke4 Rh4 52. Nd4+ Kc5 53. Rxh4
Bxh4 54. Kd3 Bf6 55. Nb5 Kc6 0-1

[Event "4th Prague Challengers"]
[Site "Prague CZE"]
[Date "2022.06.16"]
[Round "8.3"]
[White "Keymer, Vincent"]
[Black "Stocek, Jiri"]
[Result "1/2-1/2"]
[WhiteTitle "GM"]
[BlackTitle "GM"]
[WhiteElo "2675"]
[BlackElo "2541"]
[WhiteFideId "12940690"]
[BlackFideId "304760"]
[EventDate "2022.06.08"]

1. Nf3 Nf6 2. c4 c5 3. Nc3 e6 4. g3 b6 5. Bg2 Bb7 6. O-O Be7 7. d4 cxd4 8. Qxd4
d6 9. Rd1 a6 10. Bg5 Nbd7 11. Qd2 O-O 12. Bf4 Ne8 13. Rac1 Rc8 14. b3 h6 15. Ne1
Bxg2 16. Kxg2 Qc7 17. f3 Qb7 18. Ne4 Ndf6 19. Nxf6+ Nxf6 20. e4 Rfd8 21. a4 g5
22. Be3 d5 23. cxd5 Rxc1 24. Qxc1 exd5 25. e5 Nd7 26. Nd3 Nc5 27. Bxc5 bxc5 28.
Qc2 g4 29. Rf1 d4 30. e6 f5 31. Ne5 gxf3+ 32. Rxf3 Qe4 33. Nd3 Qxe6 34. Nf4 Qf7
35. Nd3 Qd5 36. Nf4 Qf7 37. Qe2 Bg5 38. Qxa6 Bxf4 39. Rxf4 Qd5+ 40. Kh3 Kg7 41.
Qd3 Rb8 42. Rxf5 Rxb3 43. Rxd5 Rxd3 44. Rxc5 Ra3 45. a5 d3 46. Rd5 d2 47. Rxd2
Rxa5 48. Kg4 Ra4+ 49. Kf5 Ra5+ 50. Ke4 Ra4+ 51. Rd4 Ra2 52. h3 Ra6 53. Ke5 Ra5+
54. Rd5 Ra3 55. Kf4 Ra6 56. h4 Kg6 57. Ke5 Ra4 58. Rd6+ Kh5 59. Kf5 Ra5+ 60. Kf4
Rf5+ 61. Ke4 Rf1 62. Rd8 Rf7 63. Ke3 Kg4 64. Rg8+ Kh5 65. Rh8 Kg4 66. Rg8+ 1/2-1/2

[Event "4th Prague Challengers"]
[Site "Prague CZE"]
[Date "2022.06.16"]
[Round "8.4"]
[White "Pechac, Jergus"]
[Black "Krzyzanowski, Marcin"]
[Result "0-1"]
[WhiteTitle "GM"]
[BlackTitle "GM"]
[WhiteElo "2598"]
[BlackElo "2535"]
[WhiteFideId "14926970"]
[BlackFideId "1132199"]
[EventDate "2022.06.08"]

1. d4 Nf6 2. c4 e6 3. Nc3 Bb4 4. e3 O-O 5. Bd3 Re8 6. Nf3 Bxc3+ 7. bxc3 d6 8. e4
e5 9. O-O Bg4 10. h3 Bh5 11. Re1 Nbd7 12. g4 Bg6 13. Bg5 Nf8 14. d5 h6 15. Bh4
Bh7 16. Qc1 Ng6 17. Bg3 Nd7 18. h4 Nc5 19. Bc2 Qc8 20. Nh2 b6 21. f3 Qa6 22. h5
Nh8 23. g5 hxg5 24. Qxg5 f6 25. Qd2 Nf7 26. Ng4 Ng5 27. Kg2 Qxc4 28. Bh4 Rf8 29.
h6 gxh6 30. Nxh6+ Kh8 31. Bxg5 fxg5 32. Rh1 Rf4 33. Rh5 Raf8 34. Rah1 Qxa2 35.
Nf5 Rf7 36. Kg3 g4 37. Rxh7+ Rxh7 38. Rxh7+ Kxh7 39. Qh2+ Kg8 40. Ne7+ Kg7 41.
Nf5+ Rxf5 42. exf5 Qxd5 43. fxg4 e4 44. Kh4 e3 45. g5 Nd3 46. f6+ Kf7 47. Bb3
Qxb3 48. Kg3 Ne5 49. Qh7+ Ke6 50. Qg8+ Nf7 51. Qc8+ Ke5 52. Qxc7 Nxg5 53. Qg7
Ne4+ 0-1

[Event "4th Prague Challengers"]
[Site "Prague CZE"]
[Date "2022.06.16"]
[Round "8.5"]
[White "Niemann, Hans Moke"]
[Black "Michalik, Peter"]
[Result "1-0"]
[WhiteTitle "GM"]
[BlackTitle "GM"]
[WhiteElo "2678"]
[BlackElo "2577"]
[WhiteFideId "2093596"]
[BlackFideId "14907526"]
[EventDate "2022.06.08"]

1. d4 Nf6 2. c4 e6 3. Nf3 d5 4. Nc3 Nbd7 5. cxd5 exd5 6. Bg5 c6 7. e3 h6 8. Bh4
Be7 9. Bd3 O-O 10. Qc2 Re8 11. O-O Ne4 12. Bxe4 Bxh4 13. Bh7+ Kh8 14. Bf5 Be7
15. Rab1 a5 16. Rfe1 Nf6 17. Ne5 Kg8 18. Bd3 Bd6 19. f4 Re7 20. h3 Nd7 21. Ne2
Nf8 22. Ng3 Qe8 23. Qf2 f6 24. Nf3 Bd7 25. Nh4 Qf7 26. Nhf5 Bxf5 27. Nxf5 Rd7
28. Qh4 Kh8 29. Rf1 Rad8 30. Rf3 Ng6 31. Qg4 Ne7 32. Rg3 Nxf5 33. Qxf5 Kg8 34.
Rf1 Kf8 35. b3 Bb8 36. Rff3 Ke7 37. Rg6 Rf8 38. Rfg3 Kd8 39. Qg4 Re8 40. Kf2
Ree7 41. Bf5 Rc7 42. Qd1 Qe8 43. Qd2 b6 44. b4 axb4 45. Qxb4 Rb7 46. a4 Rf7 47.
a5 Qe7 48. Qc3 Qc7 49. a6 Ra7 50. Qb4 c5 51. Qb5 cxd4 52. Be6 dxe3+ 53. Rxe3
Qxf4+ 54. Ke2 d4 55. Rgg3 dxe3 56. Rxe3 Be5 57. Bxf7 Rxf7 58. Qxb6+ Ke7 59. Qc7+
Ke6 60. Qc6+ Ke7 61. Rb3 Kd8 62. Qd5+ Ke8 63. Qa8+ Ke7 64. Qb7+ Ke6 65. Qc6+ Ke7
66. Rb7+ Kd8 67. Rxf7 1-0

[Event "4th Prague Challengers"]
[Site "Prague CZE"]
[Date "2022.06.17"]
[Round "9.1"]
[White "Krzyzanowski, Marcin"]
[Black "Niemann, Hans Moke"]
[Result "0-1"]
[WhiteTitle "GM"]
[BlackTitle "GM"]
[WhiteElo "2535"]
[BlackElo "2678"]
[WhiteFideId "1132199"]
[BlackFideId "2093596"]
[EventDate "2022.06.08"]

1. e4 c6 2. Nf3 d5 3. Nc3 dxe4 4. Nxe4 Nf6 5. Qe2 Nxe4 6. Qxe4 Nd7 7. Bc4 Nf6 8.
Qe2 Bf5 9. d3 e6 10. a4 Bd6 11. O-O h6 12. Re1 O-O 13. h3 Re8 14. Ne5 Nd5 15.
Bb3 Bc7 16. Qh5 Qf6 17. Ng4 Qg6 18. Qxg6 Bxg6 19. a5 a6 20. Ne5 Bh7 21. Bd2 Rad8
22. g3 Kf8 23. Re2 f6 24. Nc4 e5 25. Rae1 Bg8 26. Kg2 g5 27. f3 h5 28. Kf2 Bf7
29. Rh1 Be6 30. Ree1 Bb8 31. h4 Ba7+ 32. Kg2 g4 33. fxg4 Bxg4 34. Rhf1 Kg7 35.
Ne3 Be6 36. Nxd5 cxd5 37. Bb4 Bg4 38. Ba4 Re6 39. Bb3 Kg6 40. Kh2 f5 41. Bd2 e4
42. Bg5 Rdd6 43. Bf4 Rd7 44. Ba4 Rd8 45. Bg5 Rc8 46. c3 b5 47. dxe4 dxe4 48. Bb3
Rd6 49. Bd1 Rd3 50. Bc2 Rd7 51. Bd1 Rc5 52. Bxg4 hxg4 53. Rd1 Rcd5 54. Rxd5 Rxd5
55. Re1 Bb8 56. Kg2 Rd3 57. Be3 Bc7 58. Kf2 Kh5 59. Rg1 Bxa5 60. Rf1 Bc7 61. Ke2
Rd5 62. Rg1 Be5 63. Bd4 Bxd4 64. Rd1 f4 65. gxf4 g3 66. cxd4 Kg4 67. Ke3 g2 68.
Kf2 Kh3 69. Kg1 Kg3 70. Rd2 e3 71. Rxg2+ Kf3 72. Rh2 Rxd4 73. Rh3+ Ke4 74. Kf1
Kd3 75. h5 Kd2 76. Rh2+ Kd1 77. h6 Rxf4+ 78. Kg2 e2 0-1

[Event "4th Prague Challengers"]
[Site "Prague CZE"]
[Date "2022.06.17"]
[Round "9.2"]
[White "Stocek, Jiri"]
[Black "Sasikiran, Krishnan"]
[Result "0-1"]
[WhiteTitle "GM"]
[BlackTitle "GM"]
[WhiteElo "2541"]
[BlackElo "2635"]
[WhiteFideId "304760"]
[BlackFideId "5004985"]
[EventDate "2022.06.08"]

1. Nf3 d5 2. d4 Nf6 3. c4 c6 4. Nc3 e6 5. e3 Nbd7 6. Bd3 dxc4 7. Bxc4 b5 8. Be2
Bb7 9. O-O a6 10. e4 c5 11. d5 e5 12. Nd2 c4 13. a4 b4 14. Ncb1 Rc8 15. Nxc4
Nxe4 16. Nbd2 Nec5 17. Re1 Be7 18. Bg4 Bxd5 19. Nxe5 Nxe5 20. Rxe5 Be6 21. Bxe6
Nxe6 22. Re1 O-O 23. Nb3 Bf6 24. g3 h6 25. Rb1 Qe8 26. Qd3 Qc6 27. Bd2 Rfd8 28.
Qe4 Qxa4 29. Qf3 Bg5 30. Ra1 Qb5 31. Be3 Bxe3 32. Rxe3 Rc2 33. Rd1 Rxd1+ 34.
Qxd1 Qf5 35. Rf3 Qg6 36. h4 Rxb2 37. Qd5 Re2 38. Qa8+ Kh7 39. Qxa6 Qe4 40. Qd3
Qxd3 41. Rxd3 Rb2 42. h5 Ng5 43. f3 Ne6 44. Kf1 g6 45. hxg6+ Kxg6 46. Nd2 Kg7
47. Ke1 Nc5 48. Rd6 Rc2 49. Rb6 b3 50. Kd1 Rc3 51. g4 Kf8 52. Ke2 Ne6 53. Rb4
Kg7 54. Kd1 Nc5 55. Rb6 f6 56. Ke2 Kf7 57. f4 Rg3 58. f5 Rxg4 59. Rb5 Rg2+ 60.
Kd1 Rg1+ 61. Ke2 Rg2+ 62. Kd1 Rg1+ 63. Ke2 Rc1 64. Nxb3 Nxb3 65. Rb7+ Kf8 66.
Rxb3 Rc5 67. Rf3 h5 68. Kf2 Kf7 69. Kg3 Kg7 70. Kf4 Kh6 71. Ke4 Re5+ 72. Kf4 Ra5
73. Ke4 Ra4+ 74. Kd5 Kg5 75. Ke6 h4 76. Rf1 Re4+ 77. Kf7 h3 0-1